Statistiques concernant 15 principaux pays touchés par Covid-19 - 7 avr 2021

Cliquez ici pour prendre le quiz!

Statistiques générales

  • Ce quiz a été pris 29 fois
  • Le résultat moyen est 15 sur 28

Statistiques - réponses

pays% Correct
Brésil
100%
Etats-Unis
100%
France
100%
Allemagne
96%
Espagne
96%
Italie
92%
Royaume-Uni
92%
Russie
92%
Mexique
84%
Argentine
80%
Inde
76%
Portugal
72%
Belgique
60%
Colombie
56%
Pays-Bas
56%
Pologne
56%
Suède
48%
Tchèquie
28%
Turquie
28%
Lituanie
20%
Serbie
20%
Slovénie
20%
Estonie
16%
Hongrie
16%
Iran
16%
Israël
16%
Bahreïn
4%
Panama
4%

Distribution des résultats

Percentile par nombre de réponses

% des personnes avec chaque résultat

Votre développement - résultats

Vous n’avez pas pris ce quiz